| 000 | 00436nam a22001457a 4500 | ||
|---|---|---|---|
| 082 | _aP-548 | ||
| 100 |
_aSyed Ishtiaq Ahmed _948277 |
||
| 245 |
_aAnalysis and treatment proposal for the industrial fluent of gadoon amazai industrial area swabi _cSyed Ishtiaq Ahmed, Nauman Saleem |
||
| 260 |
_aRisalpur _bMCE _c2014 |
||
| 300 | _a80 p. | ||
| 526 |
_a0 _b0 _c0 _dP_548 |
||
| 650 | _aProject | ||
| 700 | _aDr Arshad Ali | ||
| 942 |
_2ddc _cBK |
||
| 999 |
_c551269 _d551269 |
||